Statistics for Countries with Togoan Embassies

Click here to take the quiz!

General Stats

  • This quiz has been taken 17 times
  • The average score is 11 of 15

Answer Stats

Togoan embassy country % Correct
United States
100%
Nigeria
94%
France
94%
United Kingdom
94%
Germany
88%
China
81%
India
81%
Canada
75%
Ghana
75%
Ethiopia
69%
Democratic Republic of the Congo
63%
Japan
63%
Gabon
50%
Belgium
38%
Libya
31%

Score Distribution

Percentile by Number Answered

Percent of People with Each Score

Your Score History

You have not taken this quiz